000 00588nam a2200181 4500
999 _c1937
_d1937
008 150703b xxu||||| |||| 00| 0 eng d
020 _a9780471743385
050 _aREF Q 121 .V3 2003
100 _aConsidine, Glenn D
245 _aVan Nostrand's scientific encyclopedia/
_cGlenn D. Considine
250 _a10th ed.
260 _aNew York:
_bWiley-Interscince,
_c2008.
300 _axiv, 2150p. :
_bill. ;
440 _vVolume 1.
650 _aScience-encyclopedias
650 _aEngineering-Encyclopedias
942 _2lcc
_cREF_BOOK
_hQ 121 .V3 2003